000 00226nam a2200097Ia 4500
008 240331s9999 xx 000 0 und d
082 _bABR
100 _aAbrol, D
245 0 _aArivuch chothu urimaigal :
_boor vilakkam
942 _cL
999 _c2552
_d2552